000 01678cam a22004694i 4500
003 PE-LiUPU
005 20250731172722.0
008 150617s r 000 0 d
020 _a8470201751
035 _a(Sirsi) i9788470201752
040 _aPE-LiUPU
_bspa
_cPE-LiUPU
_erda
049 _aPRUA
082 0 4 _a232
_bM85
_221
100 1 _aMuchery, Gérard,
_eautor.
245 1 0 _aDiferentes caminos para seguir a Jesucristo /
_cGérard Muchery.
264 1 _aMadrid :
_bSociedad de Educación Atenas,
_c1983.
300 _a255 páginas ;
_c21 centímetros.
336 _atext
_2rdacontent
337 _aunmediated
_2rdamedia
338 _avolume
_2rdacarrier
505 0 _aEl medio del mundo la iglesia: todos llamados a ser santos, todos apacionados por Jesucristo -- Caminos trazados a traves de los siglos -- Familias espirituales -- Para servir mejor: para el servicio del amor y de la libertad espiritual, ¿Qué camino?.
526 _aSEG42
526 _aSEG41
526 _aSEG40
526 _aSEG39
526 _aP94
526 _aP87
526 _aP86
526 _aP85
526 _aP77
526 _aP76
526 _aP35
650 0 4 _aCristianismo.
650 0 4 _aVida cristiana.
910 _ajck
_bjvq
_cjck
_d20150616
942 _2ddc
_cBOOK
949 _a232 M85
_wDEWEY
_c1
_i29077
_lCCODEBUL1
_mBUL
_r0
_sY
_tBOOK
_u2015-4-21
_xTEOLOGIA
_PP35
_0COMPRA
_o.STAFF. Colección General
994 _aC0
_bPEPRU
596 _a1
999 _a232 M85
_wDEWEY
_c1213
_i29077
_d1213
_f2021-11-10
_g5
_lCCODEBUL1
_mBUL
_q1
_r0
_sY
_tBOOK
_u2015-4-21
_xTEOLOGIA
_PP35
_0COMPRA
_o.STAFF. Colección General
980 _81
_gALBERTO SANCHEZ Responsable de Automatización